<?xml version="1.0" encoding="UTF-8"?>
<collection xmlns="http://www.loc.gov/MARC21/slim">
 <record>
  <leader>01075nam a2200253 a 4500</leader>
  <controlfield tag="001">1688</controlfield>
  <controlfield tag="003">BD-DhAAL</controlfield>
  <controlfield tag="005">20151109105352.0</controlfield>
  <controlfield tag="008">151109s1999    bg            000 0 ben d</controlfield>
  <datafield tag="020" ind1=" " ind2=" ">
   <subfield code="a">9843104269</subfield>
  </datafield>
  <datafield tag="040" ind1=" " ind2=" ">
   <subfield code="a">ZCU</subfield>
   <subfield code="c">ZCU</subfield>
   <subfield code="d">BD-DhAAL</subfield>
  </datafield>
  <datafield tag="082" ind1=" " ind2=" ">
   <subfield code="a">351.5492 </subfield>
  </datafield>
  <datafield tag="090" ind1=" " ind2=" ">
   <subfield code="a">DS395.5</subfield>
   <subfield code="b">.K37 1999</subfield>
  </datafield>
  <datafield tag="100" ind1="1" ind2=" ">
   <subfield code="a">করিম, এম.এম. রেজাউল </subfield>
   <subfield code="d">1935-</subfield>
   <subfield code="9">16028</subfield>
  </datafield>
  <datafield tag="245" ind1="1" ind2="0">
   <subfield code="a">দেখা থেকে লেখা :</subfield>
   <subfield code="b">সমকালীন রাজনৈতিক বিশ্লেষন /</subfield>
   <subfield code="c">এম.এম. রেজাউল করিম.</subfield>
  </datafield>
  <datafield tag="250" ind1=" " ind2=" ">
   <subfield code="a">প্রথম প্রকাশ.</subfield>
  </datafield>
  <datafield tag="260" ind1=" " ind2=" ">
   <subfield code="a">ঢাকা :</subfield>
   <subfield code="b">শিকড়ায়ন বাংলাদেশ,</subfield>
   <subfield code="c">১৯৯৯.</subfield>
  </datafield>
  <datafield tag="300" ind1=" " ind2=" ">
   <subfield code="a">xviii, ৩৭৯ পৃ. ;</subfield>
   <subfield code="c">২২ সে.মি.</subfield>
  </datafield>
  <datafield tag="541" ind1=" " ind2=" ">
   <subfield code="e">1688</subfield>
  </datafield>
  <datafield tag="546" ind1=" " ind2=" ">
   <subfield code="a">In Bengali.</subfield>
  </datafield>
  <datafield tag="651" ind1=" " ind2="0">
   <subfield code="a">Bangladesh</subfield>
   <subfield code="x">Politics and government</subfield>
   <subfield code="y">1971-</subfield>
   <subfield code="9">16029</subfield>
  </datafield>
  <datafield tag="942" ind1=" " ind2=" ">
   <subfield code="2">ddc</subfield>
   <subfield code="c">BK</subfield>
  </datafield>
  <datafield tag="999" ind1=" " ind2=" ">
   <subfield code="c">36073</subfield>
   <subfield code="d">36073</subfield>
  </datafield>
  <datafield tag="952" ind1=" " ind2=" ">
   <subfield code="0">0</subfield>
   <subfield code="1">0</subfield>
   <subfield code="2">ddc</subfield>
   <subfield code="4">0</subfield>
   <subfield code="6">351_549200000000000_KAR</subfield>
   <subfield code="7">0</subfield>
   <subfield code="9">56687</subfield>
   <subfield code="a">SCL</subfield>
   <subfield code="b">SCL</subfield>
   <subfield code="c">GEN</subfield>
   <subfield code="d">2015-11-09</subfield>
   <subfield code="g">220.00</subfield>
   <subfield code="l">0</subfield>
   <subfield code="o">351.5492 KAR</subfield>
   <subfield code="p">3020001688</subfield>
   <subfield code="r">2015-11-09</subfield>
   <subfield code="t">1</subfield>
   <subfield code="w">2015-11-09</subfield>
   <subfield code="y">BK</subfield>
  </datafield>
 </record>
</collection>
